| 000 | 00881nam a2200253 i 4500 | ||
|---|---|---|---|
| 003 | DO-SdBNP | ||
| 005 | 20240917092202.0 | ||
| 007 | ta | ||
| 008 | 240917s1960 dr 000 0 spa d | ||
| 040 |
_aDO-SdBNP _bspa _cBNPHU _erda |
||
| 082 |
_bV443 _222 |
||
| 100 | 1 |
_aVeloz Maggiolo, Marcio, _d1936-2021 _91104 _eautor |
|
| 245 | 1 | 0 |
_aInterpretación socio-cultural del arte de los paredones : _bestudios etnológicos / _cMarcio Veloz Maggiolo |
| 264 | 1 |
_aLa Caleta, República Dominicana : _bUASD, _c[1960]. |
|
| 300 |
_a12 páginas, _c22 cm. |
||
| 336 |
_2rdacontent _atexto _btxt |
||
| 337 |
_2rdamedia _asin mediación _bn |
||
| 338 |
_2rdacarrier _avolumen _bnc |
||
| 490 | 1 |
_aInstituto de Investigaciones Antropológicas _v3 |
|
| 590 | _aInventariado, 2024/ YL | ||
| 710 | 1 |
_aUniversidad Autónoma de Santo Domingo (UASD) _984760 |
|
| 910 | _aYLockward | ||
| 942 |
_2ddc _cLF2 |
||
| 999 |
_c57702 _d57702 |
||